Education tests and measurement : An introduction (Record no. 1381017)

MARC details
000 -LEADER
fixed length control field 00653nam a2200217Ia 4500
005 - DATE AND TIME OF LATEST TRANSACTION
control field 20250508163128.0
008 - FIXED-LENGTH DATA ELEMENTS--GENERAL INFORMATION
fixed length control field 008 250505s9999 xx 000 0 eng d
020 ## - INTERNATIONAL STANDARD BOOK NUMBER
International Standard Book Number 0-15-520910-8
037 ## - SOURCE OF ACQUISITION
Stock number TextBook
040 ## - CATALOGING SOURCE
Original cataloging agency FEDL
Language of cataloging eng
Transcribing agency FEDL
041 ## - LANGUAGE CODE
Language code of text/sound track or separate title eng
Source of code eng
084 ## - COLON CLASSIFICATION NUMBER
Classification number 371.26, NIT
Assigning agency FEDL
100 ## - MAIN ENTRY--PERSONAL NAME
Personal name Nitko Anthony J
9 (RLIN) 774795
245 #0 - TITLE STATEMENT
Title Education tests and measurement : An introduction
260 ## - PUBLICATION, DISTRIBUTION, ETC.
Place of publication, distribution, etc. New York, USA
Name of publisher, distributor, etc. Harcourt Brace Jovanovich
Date of publication, distribution, etc. 1983
300 ## - PHYSICAL DESCRIPTION
Extent xiii,674p
365 ## - TRADE PRICE
Price type code GBP
Price amount 7.95
650 ## - SUBJECT ADDED ENTRY--TOPICAL TERM
Topical term or geographic name entry element Educational Test; Measurment And Assesment
9 (RLIN) 774796
942 ## - ADDED ENTRY ELEMENTS (KOHA)
Koha item type Textbook
Classification part 371.26, NIT
Holdings
Withdrawn status Lost status Damaged status Not for loan Home library Current library Date acquired Cost, normal purchase price Total Checkouts Full call number Barcode Date last seen Price effective from Koha item type
        Department of Education Library Department of Education Library 2025-05-08 7.95   371.26, NIT EL0074142 2025-05-08 2025-05-08 Textbook
Copyright @ Delhi University Library System